[Event "Dresden zt 1.2"]
[Site "Dresden"]
[Date "1998.05.08"]
[Round "10"]
[White "Pelletier, Yannick"]
[Black "Alterman, Boris"]
[Result "0-1"]
[WhiteElo "2515"]
[BlackElo "2615"]
[Annotator "Golod,V"]
[PlyCount "77"]
[EventDate "1998.04.28"]
[EventType "swiss"]
[EventRounds "11"]
[EventCountry "GER"]
[SourceTitle "CBM 065"]
[Source "ChessBase"]
[SourceDate "1998.08.06"]
[SourceVersion "1"]
[SourceVersionDate "1998.08.06"]
[SourceQuality "1"]

1. d4 {Hecht} Nf6 2. c4 e6 3. Nc3 Bb4 4. Qc2 Nc6 $5 5. Nf3 d6 (5... d5 $5 6.
Bg5 (6. cxd5 $143 exd5 7. Bg5 h6 8. Bxf6 Qxf6 9. e3 O-O 10. a3 Bxc3+ 11. Qxc3
Bg4 12. Nd2 Rae8 13. Nb3 Re7 $1 $11 {[%csl Rc7][%cal Gc6d8,Gd8e6,Gc7c6]
Chernin,A-Zvjaginsev,V/Vidmar mem, Portoroz SLO 1997 (24)}) 6... h6 (6... dxc4
$5 7. e3 Qd5 8. Bxf6 gxf6 9. Nd2 Bxc3 10. bxc3 Na5 11. Ne4 Ke7 12. f3 f5 13.
Nd2 Bd7 $13 {1/2-1/2 Dao,T-Kiss,A/HUN t-ch 1994 (36)}) 7. Bxf6 Qxf6 8. e3 O-O (
8... dxc4 9. Bxc4 O-O 10. O-O Bd6 11. Rad1 Re8 12. Bb5 $5 Bd7 13. e4 Qg6 14.
Qe2 $14 {Petursson-Reeh/Gausdal/SW,20,20 1990 (37)}) 9. a3 Bxc3+ 10. Qxc3 Re8 (
10... b6 $6 11. cxd5 exd5 12. Be2 Bb7 13. O-O Rfc8 14. b4 Nd8 15. Rfc1 c6 16.
a4 $14 {|^<<Lalic,B-Inkiov,V/Haifa 1989}) (10... a5 $5) 11. Rc1 $5 (11. Be2
dxc4 12. Bxc4 e5 13. Nxe5 $6 Nxe5 14. dxe5 Qxe5 15. Qxe5 Rxe5 $11 {Krueger,
K-Rotshtein,A/Berlin Summer op 1992/0-1 (56)}) (11. Rd1 a5 12. h3 a4 13. Be2
Bd7 14. O-O Rec8 15. Ne5 Be8 16. Bf3 $14 {1-0 Akesson,R-Matros,A/Stockholm op
1997 (58)}) 11... Bd7 12. cxd5 $1 $14 (12. Be2 dxc4 $5 13. Bxc4 e5 14. d5 $6
Nd4 $1 15. Nd2 c6 $36 {Zysk,R-Brglez,R/Ptuj 1989 (54)}) 12... exd5 13. Be2 Nd8
$5 (13... Rad8 14. O-O Bc8 15. b4 $14) 14. Ne5 Bf5 15. g4 $6 (15. O-O c6 16. b4
Rc8 17. Qb3 a6 18. a4 $14) 15... Be4 (15... Be6 16. h4 $5 $36) 16. f3 $13 {
1/2-1/2 Dreev,A-Zvjaginsev,V/FIDE-Wch k.o. 1997 (32)}) 6. a3 $5 (6. Bg5 $5 e5
7. d5 Bxc3+ 8. Qxc3 Ne7 9. Bxf6 gxf6 10. g3 Ng6 11. Bg2 h5 12. h4 b6 13. Nd2 a5
14. e3 $14 {1/2-1/2 Tunik,G-Pozdniakov,S/Chigorin mem open, St Petersburg RUS
1997 (32)}) 6... Bxc3+ 7. Qxc3 Qe7 $5 (7... a5 8. b3 Qe7 9. Bb2 O-O 10. e3 Re8
11. Be2 e5 12. d5 Nb8 13. Nd2 Nbd7 14. e4 Nc5 15. Qc2 Bd7 16. O-O Rf8 17. b4
Na4 18. Bc1 $14 {Prokopchuk,E-Vlassov,N/Russian Club Cup, Maikop RUS 1998/1/
2-1/2 (81)}) 8. g3 O-O $5 (8... e5 9. d5 $5 (9. dxe5 $143 dxe5 10. Bg2 a5 11.
O-O a4 12. b4 axb3 13. a4 Ne4 14. Qxb3 Nd6 15. c5 Nf5 16. e3 O-O 17. Nd2 Rd8
$11 18. Ne4 Qd7 19. Bb2 Qd3 20. Qxd3 Rxd3 21. Rfd1 Rxd1+ 22. Rxd1 Nfe7 23. Nc3
Bg4 24. f3 Be6 {1/2-1/2 Karayannis,A-Nikolaidis,I/Aegina op 1995}) 9... Nb8 10.
Bg5 Nbd7 11. Bg2 h6 12. Bxf6 Nxf6 13. O-O O-O 14. b4 Bd7 15. Nd2 Nh7 16. c5 $14
Rac8 17. Qe3 Qg5 $2 (17... a6 $5 18. Rac1 $14 {Golod,V} (18. c6 $143 bxc6 19.
dxc6 Be6)) 18. Qxg5 Nxg5 19. h4 Nh7 20. cxd6 cxd6 21. Ne4 Bb5 22. Nxd6 Bxe2 23.
Nxc8 Bxf1 24. Ne7+ {1-0 Bolbochan,J-Zografakis,A/Dubrovnik olm 1950}) (8... a5
$6 9. b3 (9. d5 Nd8 10. Bg2 O-O 11. Bg5 e5 12. c5 Bf5 13. O-O h6 14. Bxf6 Qxf6
15. Nd2 $14 {Nesterov,J-Vlassov,N/Moscow2 1994/1-0 (44)}) 9... e5 10. d5 Nb8
11. Bg2 O-O 12. O-O Re8 13. Nd2 c6 14. Bb2 cxd5 15. cxd5 Nbd7 16. Rfc1 b5 17.
b4 Bb7 18. e4 $14 {1-0 Lerner,K-Martens,M/Groningen op 1992 (37)}) 9. Bg2 e5
10. d5 Nb8 11. b3 $5 $146 (11. O-O $142 h6 $5 (11... c6 $5 12. Nh4 $5 (12. dxc6
$5 Nxc6 13. b4 Be6 14. b5 $5 Nb8 15. c5 $14) 12... cxd5 13. cxd5 Na6 14. b4 Bd7
15. e4 Rfc8 16. Qb3 Rc7 17. Be3 Rac8 18. Rac1 Qd8 19. Qb2 b6 20. Rxc7 Nxc7 21.
Rc1 $14 {Illescas Cordoba,M-Rozentalis,E/Groningen PCA 1993/1/2-1/2 (112)}) 12.
b4 $5 b5 (12... c6 $2 13. dxc6 Nxc6 14. b5 Nb8 15. c5 $16) 13. cxb5 a6 (13...
Nxd5 $2 14. Qc2 Be6 15. Rd1 $16) 14. Nd2 $5 axb5 15. Bb2 Bb7 16. Qd3 Nbd7 17.
Rac1 Nb6 18. e4 $14 {Gurevich,M-Rozentalis,E/Groningen 1992/1/2-1/2 (61) /\ 19.
f4}) 11... c6 $1 {><d5} 12. dxc6 (12. Bg5 cxd5 13. cxd5 h6 14. Bxf6 Qxf6 15.
O-O $11) 12... Nxc6 13. a4 $6 {><b4} (13. O-O $5) (13. Bg5 $5 h6 14. Bxf6 Qxf6
15. O-O Bf5 16. Rad1 {+/=/=}) 13... Ne4 $1 {[%csl Rb4][%cal Ge4c5]} 14. Qc2 (
14. Qe3 $5 f5 (14... Nc5 15. O-O $13) 15. Ba3 $13) 14... Nc5 $11 (14... f5 $143
15. O-O Be6 16. Ba3 $14) 15. Bb2 $2 (15. Bg5 $5 f6 16. Be3 Be6 $11) 15... e4 $1
{[%csl Re1][%cal Gc5d3]} 16. Nd4 (16. Nd2 $143 Nd3+ 17. Kf1 $8 Nxb2 18. Qxb2 e3
19. fxe3 Qxe3 $36) 16... Nd3+ {[%csl Rc2,Gd3,Re1,Ge7]} 17. Kf1 $8 Nxb2 (17...
Ncb4 $4 18. Qc3 Nxb2 19. Qxb4 $18 {[%csl Rb2][%cal Gb4c3,Gc3b2]}) 18. Qxb2 (18.
Nxc6 $6 bxc6 19. Bxe4 $142 (19. Qxb2 $6 Rb8 {[%csl Rb3,Rf1] =/+/-/+}) (19. Qxe4
$2 Qxe4 20. Bxe4 Rb8 $19) 19... Qe5 $1 {[%csl Ra1][%cal Ye5b2]} 20. Rb1 (20.
Bxc6 $2 Bh3+ 21. Bg2 Nxc4 $19 {[%csl Ra1][%cal Ge5a1]}) (20. Bxh7+ $2 Kh8 {
[%csl Rh7][%cal Gg7g6]} 21. Rb1 Bh3+ 22. Kg1 g6 23. Bxg6 fxg6 $17) 20... Bh3+
21. Bg2 Bf5 $1 22. e4 Nxc4 23. bxc4 (23. Qxc4 d5 24. Qxc6 Bxe4 $40 {[%csl Rf1]}
) (23. exf5 $2 Na3 24. Qd3 Nxb1 25. Qxb1 d5 $19) 23... Be6 {[%csl Rc4]}) 18...
Rd8 $1 $15 {/\d5} 19. f4 $6 (19. b4 $5 Ne5 $1 (19... d5 $6 20. c5 $13) 20. Bxe4
Bh3+ $1 (20... Nxc4 $6 21. Bxh7+ Kxh7 22. Qc2+ {[%csl Rc4,Rh7]} Kg8 23. Qxc4
Bh3+ 24. Ke1 d5 $44) 21. Kg1 (21. Bg2 Nxc4 22. Qc3 Bxg2+ 23. Kxg2 d5 $15) 21...
Rac8 $36) 19... d5 $1 (19... exf3 $143 20. Bxf3 Bh3+ 21. Kf2 Re8 {[%csl Rf2]
[%cal Ge7e3]} 22. Qd2 Ne5 23. Rad1 $11) 20. cxd5 (20. Nxc6 bxc6 21. cxd5 cxd5 (
21... Rxd5 $5 22. Qc2 Bf5 $36) 22. Rd1 Rb8 $15 {[%csl Rb3]}) 20... Nb4 $1 {
/\Nd5;><e3} (20... Rxd5 {see 20.Nc6}) 21. Qa3 $1 {[%csl Re7][%cal Ga3e7]} Rxd5
22. Nc2 (22. e3 b6 {[%csl Rf1][%cal Gc8a6]} 23. h3 $15 {[%cal Gf1g1,Gg1h2]})
22... a5 $8 23. Ne3 (23. Nxb4 $143 axb4 24. Qb2 Bf5 {[%csl Rf1][%cal Ga8d8] =/
+/-/+}) 23... Rc5 24. Qb2 (24. Rd1 {[%csl Re4][%cal Gd1d4,Gd4e4,Gg2e4]} Bd7
$143 (24... Be6 $1 {[%csl Rb3]} 25. Bxe4 $140 (25. Qb2 Rac8 $17) 25... Bh3+ 26.
Bg2 Nc2 $1 27. Nxc2 Bxg2+ 28. Kxg2 Qxe2+ 29. Kg1 (29. Kh3 Rh5#) 29... Qxd1+ $19
(29... Rxc2 $19)) 25. Rd4 Bc6 26. Qb2 {=/+/=}) 24... Be6 $15 {[%csl Rb3]} 25.
Kf2 {[%csl Re4]} (25. Bxe4 $2 Bh3+ 26. Bg2 $8 Qxe3 27. Bxh3 Rd8 $1 $17 {
[%cal Gd8d2] (27...Rd2? 28.Qe5)}) (25. Rd1 $6 Rac8 {[%csl Rb3][%cal Gc5c3,
Gc3b3,Ge6b3]}) 25... f5 26. Rac1 Rac8 $5 {[%csl Rb3,Ge6][%cal Gg7g6,Gg6f5]} 27.
Rhd1 (27. Rxc5 $143 Qxc5 $17 {[%csl Re3]}) 27... Rxc1 $5 28. Rxc1 Rxc1 29. Qxc1
Qd6 {[%csl Rb3,Rg2]} 30. Qc3 $6 (30. Nc4 $142 Qc6 (30... Qc5+ $6 31. Qe3 $15)
31. Qc3) 30... Nc6 $1 {/\Qd4;><b3} 31. Bh3 $2 (31. Nc4 $1 Qc5+ (31... Qd4+ $2
32. Qxd4 Nxd4 33. Nxa5 $14) 32. e3 $15) 31... Qd4 $1 $17 32. Qxd4 (32. Qc2 g6
$17 {[%csl Rb3,Re3][%cal Gg8g7]}) 32... Nxd4 {Hecht [#] This forces an outside
black passed pawn on the a-file versus a poor white minor piece (the bishop on
h3). [#] Forcieren eines schwarzen entfernten Freibauern auf der a-Linie bei
schlechten weißen Leichtfiguren (Lh3).} 33. g4 $2 (33. Nc4 $5 Nxb3 34. Nd6 Nc5
35. Bxf5 Bxf5 36. Nxf5 Nxa4 37. Ke3 Nc3 $17) 33... Bxb3 {[%csl Ra4]} 34. gxf5 (
34. Nxf5 $143 Nxf5 35. gxf5 Bxa4 36. Ke3 Bc6 $19) 34... b5 $1 (34... Bxa4 35.
Nd5 Bc6 36. Ne7+ Kf7 37. Nxc6 bxc6 $17) 35. axb5 Nxb5 $19 {[%csl Ya1][%cal
Ga5a1] easier is einfacher ist} (35... a4 {Hecht} 36. b6 a3 37. b7 Nc6 $19) 36.
Ke1 (36. Bg2 $142 Nd6 $1 (36... a4 $6 37. Bxe4 a3 38. Nc2 Nc3 (38... Bxc2 $2
39. Bxc2 a2 $140 40. Bb3+) 39. Bd3 Bxc2 40. Bxc2 Kf7 $1 $17 {/\Kf6;a2(><f5)} (
40... a2 $2 41. Bb3+ Kf8 42. Bxa2 Nxa2 43. e4 $15)) 37. Ke1 a4 38. Kd2 a3 39.
Kc3 a2 40. Kb2 Kf7 $19 {/\h5,Kh6;><f5}) 36... a4 37. Kd2 $8 (37. Bg2 a3 38.
Bxe4 Kf8 $1 (38... a2 $143 39. Nc2 Bxc2 40. Bd5+ Kf8 41. Bxa2 Bxf5 {-/+/-+})
39. Bb1 $8 Nc3 $19 {[%csl Ya1,Ga3,Rb1][%cal Ga3a1]}) 37... a3 38. Nc2 $2 (38.
Kc1 $142 Nd4 39. Bf1 Kf7 $19 {[%csl Rf1,Rf5]}) 38... e3+ $1 {[%csl Ya1,Ga3,Rc2]
[%cal Ga3a1]} 39. Kc1 {(39...Bc2 40.Kc2 Nd4+41.Kb1 Ne2-+)} (39. Nxe3 a2 40. Nc2
Bxc2) (39. Kc1 {Hecht} Bxc2 40. Kxc2 Nd4+ 41. Kb1 Nxe2 $19 {[%cal Ye2f4,Ye3e2]}
) 0-1

[Event "RUS-chT 07th"]
[Site "Smolensk"]
[Date "2000.04.15"]
[Round "1"]
[White "Ivanov, Sergey"]
[Black "Balberov, Alexander"]
[Result "1-0"]
[WhiteElo "2543"]
[BlackElo "2422"]
[Annotator "Golod,V"]
[PlyCount "75"]
[EventDate "2000.04.15"]
[EventType "team-tourn"]
[EventRounds "11"]
[EventCountry "RUS"]
[SourceTitle "CBM 077"]
[Source "ChessBase"]
[SourceDate "2000.07.27"]
[SourceVersion "1"]
[SourceVersionDate "2000.07.27"]
[SourceQuality "1"]
[WhiteTeam "Sankt Petersburg Chess Federation"]
[BlackTeam "Nizhny Tagil Politekhnik"]
[WhiteTeamCountry "RUS"]
[BlackTeamCountry "RUS"]

1. d4 Nf6 2. c4 e6 3. Nc3 Bb4 4. Qc2 Nc6 5. Nf3 d6 6. Bg5 (6. a3 $5 {See
comments to Pelletier,Y-Alterman,B/Dresden,1998/CBM 65(0-1)(Golod,V)(39)}) 6...
Bxc3+ $5 {The idea of this variation is to place black PP on the black squares
because in future Bb4 will be changed on Nc3. To take on c3 would possible
only after Bb4 will be attacked.} ({Another idea is:} 6... e5 $6 7. d5 Bxc3+ (
7... Ne7 $4 8. Qa4+ {[%csl Rb4,Re8] 1-0 Samisch-Capablanca/Carlsbad,1929(8)})
8. Qxc3 Ne7 9. Bxf6 gxf6 10. g3 a5 (10... Ng6 11. Bg2 h5 12. h4 $14 {Tunik,
G-Pozdniakov,S/Chigorin mem,St. Petersburg,1997(1/2-1/2)(32)}) 11. Bg2 b6 12.
O-O Ng6 13. Nd2 f5 14. f4 $14 {Vilela Jose Luis-Tallarico,M/Alcobendas, 1994(1/
2-1/2)(41)}) (6... h6 $1 {[%cal Ge6e5] It's main line.}) 7. Qxc3 $11 ({
Intresting was:} 7. bxc3 $1 {[%csl Yb4,Gc3,Rc6,Yd4][%cal Yc3d4,Yc3b4]} O-O 8.
e3 h6 9. Bh4 b6 10. Bd3 g5 11. Bg3 Ba6 12. O-O Qe7 13. Nd2 {+/=/= Charcan,
J-Timmons,A/cr Casual Compuserve,1995(0-1)(13)}) 7... Ne4 $6 $146 {Forcing QQ
change.} ({Quite good was} 7... h6 $1 8. Bc1 (8. Bh4 $143 g5 9. Bg3 Ne4 10. Qd3
(10. Qc2 $6 Nxg3 11. hxg3 Qf6 $2 (11... g4 $1 $15 {[%csl Rd4,Yf3]}) 12. e3 e5
13. d5 Ne7 14. Bd3 Bd7 15. Nd2 $11 {Markos,J-Nilsson,L/Copenhagen,1997(1-0) 
(54)}) 10... Nxg3 11. hxg3 Qf6 12. e3 e5 $11) 8... Ne4 (8... Qe7 $143 9. b3 e5
10. d5 $14) 9. Qc2 f5 10. e3 O-O 11. Be2 (11. Bd3 $6 Nb4) 11... Qf6 12. O-O e5
$132) 8. Bxd8 Nxc3 9. Bxc7 $14 ({After:} 9. bxc3 Kxd8 {equality.} (9... Nxd8
$11)) 9... Ne4 {[%csl Rc7][%cal Ge8d7]} 10. c5 ({It deserves attention:} 10. d5
$5 exd5 11. cxd5 Nb4 12. Rc1 Nxd5 (12... Nxa2 $2 13. Rc4 f5 (13... Bf5 14. Nh4
g6 15. g4 b5 16. Rd4 Rc8 17. gxf5 $18) 14. Ra4 Kd7 15. Ba5 Nc1 16. Nd4 $18 {
[%csl Rc1][%cal Ga5d2,Ga4a1]}) 13. e3 $14 {[%csl Gc7,Rd6,Gf1]}) 10... dxc5 ({
Also possibly:} 10... Nb4 11. Rc1 Nxa2 12. Rc4 dxc5 (12... d5 $2 13. Ra4 Nc1
14. Bf4 Nb3 15. Ra3 $18) 13. dxc5 f5 14. Be5 (14. Ne5 $5 Bd7 15. f3 Nf6 16.
Nxd7 Kxd7 17. Be5 Rhc8 18. g4 $14) 14... O-O 15. e3 a5 16. Nd4 $14) 11. dxc5
Nxc5 12. Rc1 $14 {[%csl Gc7,Gf1] White keeping par of BB.} Ne4 ({A little
worse is:} 12... b6 13. e3 Bb7 14. Bd6 Ne4 15. Ba3 $14 {[%csl Ga3,Gf1]}) 13. g3
{[%cal Gf1g2]} ({Another possibility is:} 13. e3 Bd7 14. Bd3 Rc8 15. Bf4 $14)
13... Bd7 14. Bg2 Rc8 15. Bf4 Ke7 ({Also white has a positional advantage,
after:} 15... O-O 16. O-O Rfd8 17. Rfd1 $14) 16. O-O Nf6 17. Rfd1 Nd5 (17...
Rhd8 $5 18. Bd6+ Ke8 19. Ng5 h6 20. Ne4 $14) 18. Bd2 $5 ({Interesting was also:
} 18. Bg5+ $1 Nf6 (18... f6 $6 19. e4 Nb6 (19... Nc7 $6 20. Be3 $140 e5 $2 21.
Bc5+ Ke8 22. Rxd7 $1 Kxd7 23. Bh3+ Ne6 24. Rd1+ Ncd4 $8 25. Bxd4 exd4 26. Nxd4
$18 {[%csl Rd7,Re6]}) 20. Be3 e5 21. b4 $14) 19. e4 (19. a3 $5 h6 20. Bd2 $14)
19... h6 (19... e5 $143 20. Rd5 (20. Rxd7+ Kxd7 21. Bh3+ Kd6 22. Bxf6 gxf6 23.
Bxc8 Rxc8 $14) 20... h6 21. Bxf6+ gxf6 22. Rxd7+ Kxd7 23. Bh3+ Kd6 24. Rd1+ Ke7
25. Bxc8 Rxc8 26. Kg2 $14 {[%csl Rf6,Rh6][%cal Gf3h4,Gh4f5,Yg2h3,Yh3g4]}) 20.
Bxf6+ gxf6 $11) 18... Rhd8 19. e4 Nf6 {[%csl Re4][%cal Gf6e4]} ({Leads to bad
position.} 19... Nb6 $6 20. b4 e5 21. b5 Nd4 22. Bb4+ Kf6 23. Nxd4 Rxc1 24.
Rxc1 exd4 25. f4 Bxb5 26. e5+ Kf5 27. e6 $1 {[%csl Rb5,Rf5][%cal Gc1c5]} Kxe6
28. Re1+ Kd7 $8 29. Re7+ Kc8 30. Bxb7+ Kb8 31. Rxf7 Rd7 (31... d3 32. Bc3 {
[%cal Gc3e5]} Rd7 33. Rxd7 Nxd7 34. Bf3 $16) 32. Rxd7 Nxd7 33. Be4 Nf6 34. Bd6+
Kc8 35. Bf5+ Bd7 36. Bd3 $16) 20. Re1 (20. Bc3 $5 Nxe4 21. Bxg7 f6 22. Bh6 $14)
20... h6 ({Can be recommended:} 20... Kf8 $14) 21. b4 Nb8 (21... Kf8 22. b5 Ne7
23. a4 $14) 22. Nd4 Rxc1 23. Bxc1 Ba4 ({Worse is:} 23... Nc6 24. Nb3 e5 25. b5
Nd4 26. Nxd4 exd4 27. Ba3+ Ke8 28. e5 Ng8 29. Bxb7 Bxb5 {[%csl Ya3,Yb7,Yd4]
[%cal Gd4d3,Gg8e7]} 30. Rb1 Bd7 (30... a6 31. Rxb5 axb5 32. Bc6+ Rd7 33. Bxb5
d3 34. Kf1 $16) 31. Bc5 d3 32. Bxa7 d2 33. Bf3 Bf5 34. Ra1 Ne7 35. Be3 {
[%csl Rd2][%cal Ga1d1]} Be4 36. Bg4 (36. Bxe4 d1=Q+ 37. Rxd1 Rxd1+ 38. Kg2 Ra1
$17) 36... Bf5 37. Be2 Bc2 38. Bd1 $16) 24. e5 Ne8 $6 ({Is a possible
continuation of the play:} 24... Nd5 $5 25. b5 Nc3 26. Ba3+ Ke8 27. Bd6 Nxb5
28. Nxb5 Bxb5 29. Bxb7 Nc6 30. Rb1 Ba4 31. Rc1 $14) 25. Be3 b6 26. Rc1 Bd7 (
26... Kd7 27. b5 Nc7 (27... Rc8 28. Nc6 Nxc6 (28... Bxb5 29. Rd1+ Kc7 30. Nxa7
$18) 29. Bxc6+ Ke7 30. Rc4 Bd1 31. Bc1 $16 {[%cal Gc1a3,Gc4d4]}) 28. Rc4 Bd1
29. Rc3 {[%cal Gc3d3]} Ba4 30. f4 $16 Bxb5 (30... Nxb5 31. Rc4 $18) 31. Rxc7+
Kxc7 32. Nxb5+ Kd7 33. Nxa7 $18) 27. Bb7 $1 $16 {[%csl Gc6,Gc8,Rd7,Rd8][%mdl
32] The same strategy - pieces restriction.} (27. b5 $5 {[%csl Rb8,Rd7]} Rc8
28. f4 Rxc1+ 29. Bxc1 Bc8 30. a4 $16 {[%cal Gc1a3,Gg1f2,Gf2e3] Full domination!
}) 27... f6 28. f4 {[%csl Gd6,Ye5,Re8,Gf6]} g5 $5 {Desperate attempt of
release from the pressure.} (28... fxe5 29. fxe5 Ba4 30. b5 $18 {[%csl Ra4]})
29. b5 $1 {[%csl Rb8,Yc6,Rd7] White don't pay attention on the last black's
move.} Kf8 30. a4 $22 Kg7 31. exf6+ (31. Kf2 $5) 31... Nxf6 (31... Kxf6 32.
fxg5+ hxg5 33. Nf3 $18 {[%csl Rg5]} g4 $140 34. Bg5+) 32. fxg5 hxg5 33. Bxg5
$18 Kg6 34. h4 Re8 35. Nc6 e5 36. Rf1 Bf5 37. Bxf6 Kxf6 38. g4 {[%csl Rf5]} 1-0

[Event "EU-Cup 20th"]
[Site "Izmir"]
[Date "2004.10.08"]
[Round "6.6"]
[White "Shariyazdanov, Andrey"]
[Black "Horvath, Tamas"]
[Result "1-0"]
[WhiteElo "2583"]
[BlackElo "2461"]
[Annotator "Golod,V"]
[PlyCount "113"]
[EventDate "2004.10.03"]
[EventType "team-swiss"]
[EventRounds "7"]
[EventCountry "TUR"]
[SourceTitle "CBM 104"]
[Source "ChessBase"]
[SourceDate "2005.01.27"]
[SourceVersion "1"]
[SourceVersionDate "2005.01.27"]
[SourceQuality "1"]
[WhiteTeam "Ekaterinburg Max Ven"]
[BlackTeam "Zalaegerszeg"]
[WhiteTeamCountry "RUS"]
[BlackTeamCountry "HUN"]

1. d4 Nf6 2. c4 e6 3. Nc3 Bb4 4. Qc2 Nc6 5. Nf3 d6 6. Bg5 h6 7. Bd2 Qe7 {
Comments to this part of the game (also to: 7...e5; 7...a5) and to:} (7... O-O
$5 {You can find in my annotations to game: Milov,V-Yermolinsky,A/Moscow,2001/
CBM 86(1-0)(38)}) 8. a3 ({On:} 8. e3 {you can find only two games in Mega
DataBase 2004.}) 8... Bxc3 9. Bxc3 a5 ({Another theoretical option is:} 9...
O-O 10. e3 e5 {For further information,you can see annotations to game: Miles,
A-Benjamin,J/USA,1989/CBM 19(1-0)(Ftacnik,L)(48)} (10... a5 $5 {See comments
to Finegold,B-Benjamin,J/USA(ch),1994/Inf 62/555(0-1)(Benjamin,Joel)(35)})) 10.
e4 ({Two times were tested in previous games:} 10. e3) ({and} 10. g3 $5) ({
Also in this position once was checked the following move:} 10. d5 $5 {קg7}
Nd8 11. dxe6 fxe6 12. Nh4 Rg8 13. Ng6 Qd7 14. O-O-O $14 {Babula,V-Ramik,Z/
Czechia,1995(1-0)(30)}) 10... e5 ({I can not recommended in this position:} 
10... a4 $6 11. e5 dxe5 12. dxe5 Nd7 13. Be2 $14) (10... d5 $6 11. e5 Ne4 12.
Bd3 Nxc3 (12... Ng5 $143 13. Nd2 $36 {/\f4}) 13. bxc3 {and White has obvious
positional advantage,because of a unsuccessful location of the black's pawn
"a5".}) 11. d5 Nb8 ({Hardly it was better:} 11... Nd8 {as the N on a point
"d8" has no the future!}) 12. b4 axb4 13. axb4 Rxa1+ 14. Bxa1 O-O 15. Be2 Nh7 (
15... g6 16. Nd2 (16. O-O $5) 16... Na6 17. Bc3 c6 18. dxc6 bxc6 19. Qa4 $14 {
Krklec,D-Joergens,M/Bad Woerishofen,2001(1-0)(29)} (19. O-O $142)) 16. g3 Na6 (
16... f5 $2 17. Nh4 {[%csl Rf5,Rg6][%cal Gh4g6]} Qf7 18. Nxf5 Bxf5 19. exf5
Qxf5 $140 20. Qxf5 (20. Bd3 $2 e4 {/\Re8 (עe1)}) 20... Rxf5 21. Bg4 $16 {
[%csl Ya1,Rb8,Gg4]}) 17. Bc3 Bh3 ({Again weakly:} 17... f5 {because of:} 18.
Nh4) 18. Nh4 {White have created a positional threat "Nf5".} g6 19. Bf1 {
'!?' Andrey Shariyazdanov wants to define a position of the his king.} Bxf1 {
Can it was necessary to decide on the more active continuation:} (19... Ng5 $5
{with the idea to prevent the plan of White.}) 20. Kxf1 Nf6 (20... Ra8 $5 {
/\Nb8-d7} 21. Kg2 Nb8 22. Ra1 Rxa1 23. Bxa1 Ng5 {/\Qd7 +/=/=}) 21. Kg2 {
'+/=' Now the position was defined.White has a obvious positional advantage 
(in space and presence B against N).} Nh5 22. Re1 ({Probably,it was better at
once:} 22. Rc1 {/\Bd2 and c5} Nf4+ 23. Kh1 Nh3 24. Qe2 $14) 22... Kh7 ({
Now senselessly:} 22... Nf4+ {in view of:} 23. Kh1) 23. Bd2 Ng7 24. Rc1 g5 {
'?!' Now Black remain without counterplay and at the same time weaken a point
"f5".} ({Can be recommended:} 24... f5 25. exf5 Nxf5 (25... gxf5 $5 26. Re1 (
26. c5 $6 Qf7 {קd5} 27. Qd3 dxc5 28. bxc5 Rd8 29. d6 Qe6 $13) 26... c6 27. Qd3
$14) 26. Nxf5 (26. Nxg6 $6 Kxg6 27. g4 Kh7 28. gxf5 Qg7+ 29. Kh1 Qf6 $132)
26... Rxf5 27. Qe4 $14) 25. Nf5 {'!'} Nxf5 26. exf5 f6 (26... Qf6 $6 27. h4 $1
{/\Rh1->} g4 28. Qe4 {with big advantage of White.}) 27. c5 {'!' At last White
begin a movement on queen side.} dxc5 {'/\'} 28. b5 (28. bxc5 $2 {is refuted
by:} Rd8 {(weakness Pd5)} 29. Qc4 Qd7 {[%csl Rd5,Rf5]}) 28... Nb8 29. Qxc5 Qxc5
(29... Rf7 $6 30. Qa7 Qf8 31. Be3 (31. Qxb7 c6 32. Qa8 $14) (31. Ba5 $6 Qa3 (
31... b6 $4 32. Rxc7 $18) 32. Rc3 Qa4 $1 $132 {[%csl Rg2][%cal Ga4e4]}) 31...
Rd7 32. g4 {with strong pressure in both sides.}) 30. Rxc5 {קc7} Rf7 31. Kf3 {
White remember,that K is very important piece in the endgame!} Kg7 32. Ke4 Rd7
33. Be3 Kf7 34. Rc1 {White plan to move the rook on <->a to points "a7" or
"a8".} b6 35. Ra1 Ke7 36. h4 (36. Ra8 $143 Rd8 $14) 36... Kd6 {The Black king
prematurely has occupied this field.} (36... Rd8 $142 37. hxg5 hxg5 38. Rh1 Nd7
$14 (38... Rf8 $5) 39. Rc1 $140 $6 Ra8 $1 (39... Rc8 $143 40. g4 $5 {/\Rc6})
40. Rxc7 Ra4+ 41. Kd3 Rb4 $132) 37. hxg5 hxg5 38. Rc1 {The black's knight can
not enter in game and White in turn threaten: Bd2-b4+} Rh7 39. Bd2 {White
supports constant pressure on a position of Tamas Horvath and do not give the
contender to relax.} Rh2 40. Bb4+ Kd7 41. Ke3 Rh8 {'?'} (41... Kd8 $5 {/\Nd7}
42. Ra1 Rh7 $14 43. Ra7 $140 Rd7 44. Ke4 c5 $1) 42. Ra1 {'+/-!' Now White have
created a strong threat: Ra7 and d6.} Kc8 43. Ra7 Rh1 (43... Rh7 $143 44. d6 $1
Rd7 $140 45. Rxc7+ Rxc7 46. dxc7 Kxc7 47. Ke4 Kd7 48. Kd5 g4 49. Bd6 $18) 44.
d6 cxd6 45. Bxd6 Nd7 {with rearrangement of moves we receive a position from a
game.} 46. Ra8+ Kb7 47. Rd8 Nc5 (47... Rh7 48. Ke4 {[%csl Rd7,Rf6][%cal Ge4d5,
Gd5e6,Yd7f6]}) 48. Rb8+ Ka7 49. Rf8 Re1+ ({I do not think that it was much
better:} 49... Rh6 50. Rf7+ Ka8 51. Be7 Nd7 52. Bd8 $1 {[%csl Rd7,Rf6]}) ({or} 
49... Rb1 50. Bxc5 (50. Rf7+ $143 Nb7 51. Be7 Rxb5 52. Bxf6 Ka6 {+-/+/-}) 50...
bxc5 51. Rxf6 Rxb5 52. Re6 $18) 50. Kd2 Rb1 51. Bxc5 bxc5 52. Rxf6 Rxb5 53. Re6
c4 54. f6 {'+-' Black resigns because of thes variations:} Rb3 (54... Rb8 $142
55. Kc3 Rb3+ 56. Kxc4 Rf3 57. Kd5 Rxf2 58. Kxe5 $18) 55. f4 $3 {with the idea
to block a <->f} Rd3+ 56. Kc2 Rd8 (56... gxf4 57. f7 Rd8 58. Re8) 57. fxg5 $18
1-0